000
00334nam a22001457a 4500
008
210305b ||||| |||| 00| 0 eng d
020
_a
9780801663314
041
_a
eng
080
_2
3rd
_a
159.9
082
_a
159.9
100
_a
48
101
_a
PSI
245
_a
Mental Health Psychiatric Nursing
_c
Rawlins,R. P
942
_2
udc
_c
BK
999
_c
55854
_d
55854